| 000 | 00619nam a2200193 i 4500 | ||
|---|---|---|---|
| 001 | 140788 | ||
| 003 | ES-MaACL | ||
| 005 | 20250702063103.0 | ||
| 007 | t| | ||
| 008 | 070917s1972 sp ||||1| spa d | ||
| 100 | 1 |
_aWilde, Oscar, _d1854-1900 _9241147 |
|
| 245 | 1 | 0 |
_aIntenciones / _cOscar Wilde ; introducción de Salvador Clotas ; traducción y notas de Ricardo Baeza. |
| 260 |
_aMadrid : _bTaurus, _c1972. |
||
| 300 |
_aXVI, 212 p. ; _c21 cm. |
||
| 700 | 1 |
_aClotas, Salvador. _939295 |
|
| 700 | 1 |
_aBaeza, Ricardo, _d1890-1956 _924620 |
|
| 852 |
_aES-MaACL _jC-42650 _bR.81573 |
||
| 999 |
_c140788 _d140788 |
||